[Event "Stay Safe Play From Home 341"]
[Site "Emanuel Lasker Arena"]
[Date "2020.07.29"]
[Round "6"]
[White "M100"]
[Black "Buzaglo"]
[Result "1-0"]
[WhiteElo "1832"]
[BlackElo "1805"]
[Annotator "NA"]
[PlyCount "101"]
[EventDate "2020.07.29"]
[EventType "swiss (blitz)"]

1. g3 {[%emt 0:00:01]} e6 {[%emt 0:00:01]} 2. Bg2 {[%emt 0:00:01]} d5 {[%emt 0:00:00]} 3. e4 {[%emt 0:00:01]} Nf6 {[%emt 0:00:00]} 4. exd5 {[%emt 0:00:01]} exd5 {[%emt 0:00:00]} 5. Nc3 {[%emt 0:00:01]} c5 {[%emt 0:00:00]} 6. d4 {[%emt 0:00:01]} c4 {[%emt 0:00:01]} 7. Nge2 {[%emt 0:00:02]} Be7 {[%emt 0:00:00]} 8. Nf4 {[%emt 0:00:01]} O-O {[%emt 0:00:00]} 9. Nfxd5 {[%emt 0:00:01]} Bg4 {[%emt 0:00:04]} 10. f3 {[%emt 0:00:02]} Be6 {[%emt 0:00:01]} 11. Nxf6+ {[%emt 0:00:01]} Bxf6 {[%emt 0:00:00]} 12. O-O {[%emt 0:00:01]} Nc6 {[%emt 0:00:01]} 13. d5 {[%emt 0:00:02]} Bxd5 {[%emt 0:00:01]} 14. Nxd5 {[%emt 0:00:02]} Bd4+ {[%emt 0:00:03]} 15. Kh1 {[%emt 0:00:02]} Qxd5 {[%emt 0:00:01]} 16. f4 {[%emt 0:00:01]} Qc5 {[%emt 0:00:00]} 17. c3 {[%emt 0:00:02]} Bf6 {[%emt 0:00:01]} 18. Qf3 {[%emt 0:00:01]} Rad8 {[%emt 0:00:02]} 19. Be3 {[%emt 0:00:01]} Qb5 {[%emt 0:00:04]} 20. Rab1 {[%emt 0:00:02]} a5 {[%emt 0:00:01]} 21. a3 {[%emt 0:00:01]} Ne7 {[%emt 0:00:01]} 22. Qxb7 {[%emt 0:00:02]} Qxb7 {[%emt 0:00:02]} 23. Bxb7 {[%emt 0:00:01]} Nf5 {[%emt 0:00:00]} 24. Bc5 {[%emt 0:00:04]} Rfe8 {[%emt 0:00:03]} 25. Bc6 {[%emt 0:00:01]} Re2 {[%emt 0:00:02]} 26. Bf3 {[%emt 0:00:02]} Red2 {[%emt 0:00:01]} 27. Rbd1 {[%emt 0:00:03]} Rxd1 {[%emt 0:00:01]} 28. Rxd1 {[%emt 0:00:01]} Rxd1+ {[%emt 0:00:01]} 29. Bxd1 {[%emt 0:00:01]} Be7 {[%emt 0:00:02]} 30. Bxe7 {[%emt 0:00:02]} Nxe7 {[%emt 0:00:00]} 31. b4 {[%emt 0:00:01]} cxb3 {[%emt 0:00:01]} 32. Bxb3 {[%emt 0:00:01]} Nc6 {[%emt 0:00:00]} 33. Kg2 {[%emt 0:00:01]} g6 {[%emt 0:00:01]} 34. Kf3 {[%emt 0:00:01]} Kg7 {[%emt 0:00:00]} 35. Ke4 {[%emt 0:00:00]} Kf6 {[%emt 0:00:01]} 36. Kd5 {[%emt 0:00:00]} Ne7+ {[%emt 0:00:01]} 37. Kd6 {[%emt 0:00:01]} Nf5+ {[%emt 0:00:00]} 38. Kc6 {[%emt 0:00:01]} Ne3 {[%emt 0:00:01]} 39. c4 {[%emt 0:00:01]} Nf1 {[%emt 0:00:02]} 40. c5 {[%emt 0:00:01]} Nxh2 {[%emt 0:00:01]} 41. Kd7 {[%emt 0:00:01]} Nf3 {[%emt 0:00:00]} 42. c6 {[%emt 0:00:00]} Nd4 {[%emt 0:00:01]} 43. c7 {[%emt 0:00:00]} Ne6 {[%emt 0:00:02]} 44. c8=Q {[%emt 0:00:01]} Nc5+ {[%emt 0:00:00]} 45. Qxc5 {[%emt 0:00:01]} Kg7 {[%emt 0:00:01]} 46. Qe5+ {[%emt 0:00:01]} Kh6 {[%emt 0:00:00]} 47. Qg5+ {[%emt 0:00:01]} Kg7 {[%emt 0:00:01]} 48. Ke7 {[%emt 0:00:00]} h6 {[%emt 0:00:01]} 49. Qf6+ {[%emt 0:00:01]} Kh7 {[%emt 0:00:00]} 50. Qxf7+ {[%emt 0:00:00]} Kh8 {[%emt 0:00:00]} 51. Qg8# {[%emt 0:00:00] Mate} 1-0

[Event "Stay Safe Play From Home 341"]
[Site "Emanuel Lasker Arena"]
[Date "2020.07.29"]
[Round "6"]
[White "Haris kollari 13"]
[Black "Padmaesh M K"]
[Result "0-1"]
[WhiteElo "1665"]
[BlackElo "1793"]
[Annotator "NA"]
[PlyCount "52"]
[EventDate "2020.07.29"]
[EventType "swiss (blitz)"]

1. e4 {[%emt 0:00:01]} e5 {[%emt 0:00:01]} 2. f4 {[%emt 0:00:01]} d5 {[%emt 0:00:03]} 3. exd5 {[%emt 0:00:02]} exf4 {[%emt 0:00:02]} 4. c4 {[%emt 0:00:02]} Bd6 {[%emt 0:00:02]} 5. d4 {[%emt 0:00:02]} Qh4+ {[%emt 0:00:02]} 6. Kd2 {[%emt 0:00:05]} Bg4 {[%emt 0:00:07]} 7. Nf3 {[%emt 0:00:02]} Qf6 {[%emt 0:00:01]} 8. Qe2+ {[%emt 0:00:01]} Kf8 {[%emt 0:00:02]} 9. Qd3 {[%emt 0:00:01]} Nd7 {[%emt 0:00:02]} 10. Nc3 {[%emt 0:00:03]} Re8 {[%emt 0:00:02]} 11. Be2 {[%emt 0:00:03]} Re3 {[%emt 0:00:01]} 12. Qc2 {[%emt 0:00:04]} Bxf3 {[%emt 0:00:02]} 13. gxf3 {[%emt 0:00:03]} Qxd4+ {[%emt 0:00:01]} 14. Ke1 {[%emt 0:00:00]} Re7 {[%emt 0:00:08]} 15. Ne4 {[%emt 0:00:02]} Nc5 {[%emt 0:00:02]} 16. Bd3 {[%emt 0:00:08]} Nxd3+ {[%emt 0:00:03]} 17. Kf1 {[%emt 0:00:02]} Nb4 {[%emt 0:00:03]} 18. Qb3 {[%emt 0:00:03]} Qd3+ {[%emt 0:00:02]} 19. Qxd3 {[%emt 0:00:02]} Nxd3 {[%emt 0:00:00]} 20. Kg2 {[%emt 0:00:01]} f5 {[%emt 0:00:02]} 21. Ng5 {[%emt 0:00:03]} Re2+ {[%emt 0:00:01]} 22. Kh3 {[%emt 0:00:01]} Nf2+ {[%emt 0:00:01]} 23. Kh4 {[%emt 0:00:01]} Be7 {[%emt 0:00:02]} 24. Rf1 {[%emt 0:00:03]} h6 {[%emt 0:00:01]} 25. Bxf4 {[%emt 0:00:01]} hxg5+ {[%emt 0:00:00]} 26. Kg3 {[%emt 0:00:02]} Ne4+ {[%emt 0:00:01] Time (Lag: Av=0.43s, max=0.5s) .} 0-1

[Event "Stay Safe Play From Home 341"]
[Site "Emanuel Lasker Arena"]
[Date "2020.07.29"]
[Round "7"]
[White "AChessPlayer"]
[Black "Weltszmerc"]
[Result "1-0"]
[WhiteElo "2392"]
[BlackElo "2210"]
[Annotator "TA"]
[PlyCount "69"]
[EventDate "2020.07.29"]
[EventType "swiss (blitz)"]

{[%evp 12,69,26,0,12,16,54,43,42,44,57,46,45,50,54,18,31,27,18,24,52,49,56,0,0,-15,0,-9,-8,-10,23,0,2,0,37,35,78,72,213,71,203,191,245,-81,226,205,203,158,212,204,192,75,1095,1054,3434,3295,29991,29991,29998,29999]} 1. Nf3 Nf6 2. g3 d5 3. Bg2 c6 4. O-O Bf5 5. d3 e6 6. Nbd2 h6 7. Qe1 Bc5 {A07: Réti Opening: New York and Capablanca Systems.} 8. e4 dxe4 9. dxe4 Bh7 {White is slightly better.} 10. Qe2 O-O 11. Ne5 Nbd7 12. Nd3 {[#]} Bb6 $146 ({Predecessor:} 12... Be7 13. f4 Nc5 14. Nxc5 Bxc5+ 15. Kh1 Qe7 16. Nc4 Rfd8 17. h3 Rd4 18. Re1 Bxe4 {0-1 (33) Obrezchikov,M (1958)-Rakov,A (2034) Pavlovo 2013}) 13. b3 Nc5 14. Bb2 Nxd3 15. cxd3 Qe7 16. Nc4 Rfd8 17. Rad1 ({Better is} 17. Nxb6 $14 axb6 18. f4) 17... Bd4 $11 18. Ba3 c5 19. Bc1 b5 20. Ne3 e5 21. h3 b4 22. Kh2 Bxe3 23. Bxe3 Rd7 24. Rc1 Rad8 (24... Rc7 $16) 25. Rfd1 (25. Bxc5 $18 Qe6 26. Bxb4) 25... Qe6 (25... Rc7 $16 {was called for.}) 26. Bxc5 Qa6 (26... a5 {was necessary.} 27. Qe3 Bg6) 27. Be3 $2 {[#]} (27. Bxb4 $18 {Threatens to win with Bf3.} Bg6 28. Bf3) 27... Qb5 $2 {[%mdl 8192]} (27... Bxe4 $1 $17 28. Bxe4 Nxe4 {[%mdl 64] Pin}) 28. Bf1 Ne8 29. f4 Nc7 (29... exf4 $16 30. gxf4 (30. Bxf4 Bg6 $16) 30... Qb8) 30. Qf2 ({Don't take} 30. Bxa7 $6 exf4 31. gxf4 Nd5 $16) 30... Ne6 31. d4 (31. fxe5 $18 {and White stays clearly on top. aiming for d4.} Qxe5 32. Bxa7) 31... exf4 $2 {[%mdl 8192] [#]} (31... Qb7 $16) 32. Bxb5 $18 Nxd4 33. Bxd4 Rxd4 34. Rxd4 Rxd4 35. Rc8+ {Accuracy: White = 65%, Black = 40%.} 1-0

[Event "Stay Safe Play From Home 341"]
[Site "Emanuel Lasker Arena"]
[Date "2020.07.29"]
[Round "7"]
[White "Knightofficer"]
[Black "M100"]
[Result "1-0"]
[WhiteElo "2225"]
[BlackElo "1848"]
[Annotator "NA"]
[PlyCount "105"]
[EventDate "2020.07.29"]
[EventType "swiss (blitz)"]

1. e4 {[%emt 0:00:00]} b6 {[%emt 0:00:01]} 2. Nc3 {[%emt 0:00:01]} Bb7 {[%emt 0:00:00]} 3. d3 {[%emt 0:00:00]} e6 {[%emt 0:00:01]} 4. f4 {[%emt 0:00:00]} Bb4 {[%emt 0:00:01]} 5. Nf3 {[%emt 0:00:01]} d5 {[%emt 0:00:01]} 6. Bd2 {[%emt 0:00:01]} Nf6 {[%emt 0:00:03]} 7. e5 {[%emt 0:00:01]} Nfd7 {[%emt 0:00:01]} 8. Be2 {[%emt 0:00:01]} c5 {[%emt 0:00:01]} 9. O-O {[%emt 0:00:00]} Bxc3 {[%emt 0:00:01]} 10. Bxc3 {[%emt 0:00:01]} d4 {[%emt 0:00:01]} 11. Bd2 {[%emt 0:00:01]} Nc6 {[%emt 0:00:01]} 12. Ng5 {[%emt 0:00:00]} h6 {[%emt 0:00:02]} 13. Ne4 {[%emt 0:00:01]} O-O {[%emt 0:00:03]} 14. Nd6 {[%emt 0:00:01]} Qc7 {[%emt 0:00:01]} 15. Bf3 {[%emt 0:00:00]} Rad8 {[%emt 0:00:02]} 16. Qe2 {[%emt 0:00:01]} a6 {[%emt 0:00:02]} 17. Qe4 {[%emt 0:00:01]} Na5 {[%emt 0:00:02]} 18. Nxb7 {[%emt 0:00:01]} Nxb7 {[%emt 0:00:01]} 19. Qxb7 {[%emt 0:00:00]} Qxb7 {[%emt 0:00:02]} 20. Bxb7 {[%emt 0:00:00]} Rb8 {[%emt 0:00:02]} 21. Bc6 {[%emt 0:00:01]} Rfd8 {[%emt 0:00:02]} 22. Bxd7 {[%emt 0:00:01]} Rxd7 {[%emt 0:00:01]} 23. Rad1 {[%emt 0:00:01]} b5 {[%emt 0:00:01]} 24. b3 {[%emt 0:00:02]} Kf8 {[%emt 0:00:03]} 25. Kf2 {[%emt 0:00:02]} Ke7 {[%emt 0:00:00]} 26. Kf3 {[%emt 0:00:00]} g6 {[%emt 0:00:01]} 27. Ke4 {[%emt 0:00:00]} f5+ {[%emt 0:00:01]} 28. exf6+ {[%emt 0:00:01]} Kxf6 {[%emt 0:00:00]} 29. Kf3 {[%emt 0:00:00]} Rd5 {[%emt 0:00:02]} 30. Rfe1 {[%emt 0:00:00]} Rf5 {[%emt 0:00:01]} 31. Re5 {[%emt 0:00:01]} Rxe5 {[%emt 0:00:01]} 32. fxe5+ {[%emt 0:00:00]} Kxe5 {[%emt 0:00:01]} 33. Re1+ {[%emt 0:00:00]} Kd5 {[%emt 0:00:01]} 34. Bf4 {[%emt 0:00:00]} Rf8 {[%emt 0:00:01]} 35. Re5+ {[%emt 0:00:02]} Kd6 {[%emt 0:00:02]} 36. Rf5+ {[%emt 0:00:01]} Ke7 {[%emt 0:00:01]} 37. Bd6+ {[%emt 0:00:01]} Kxd6 {[%emt 0:00:02]} 38. Rxf8 {[%emt 0:00:00]} Ke5 {[%emt 0:00:02]} 39. Ra8 {[%emt 0:00:00]} g5 {[%emt 0:00:01]} 40. Rxa6 {[%emt 0:00:00]} h5 {[%emt 0:00:01]} 41. Rb6 {[%emt 0:00:01]} g4+ {[%emt 0:00:00]} 42. Kf2 {[%emt 0:00:00]} b4 {[%emt 0:00:01]} 43. Rc6 {[%emt 0:00:01]} Kd5 {[%emt 0:00:01]} 44. Rc8 {[%emt 0:00:01]} e5 {[%emt 0:00:00]} 45. Rd8+ {[%emt 0:00:00]} Ke6 {[%emt 0:00:01]} 46. Rh8 {[%emt 0:00:01]} Kf5 {[%emt 0:00:00]} 47. Rxh5+ {[%emt 0:00:01]} Kg6 {[%emt 0:00:00]} 48. Rh8 {[%emt 0:00:00]} Kg7 {[%emt 0:00:01]} 49. Rc8 {[%emt 0:00:00]} Kf6 {[%emt 0:00:00]} 50. Rxc5 {[%emt 0:00:00]} Kf5 {[%emt 0:00:00]} 51. Rc4 {[%emt 0:00:00]} Kf4 {[%emt 0:00:01]} 52. Rc5 {[%emt 0:00:01]} e4 {[%emt 0:00:01]} 53. dxe4 {[%emt 0:00:00] TimeB} 1-0

[Event "Stay Safe Play From Home 341"]
[Site "Emanuel Lasker Arena"]
[Date "2020.07.29"]
[Round "7"]
[White "Lazieri3"]
[Black "SoulofWolf"]
[Result "0-1"]
[WhiteElo "2069"]
[BlackElo "2054"]
[Annotator "TA"]
[PlyCount "98"]
[EventDate "2020.07.29"]
[EventType "swiss (blitz)"]

{[%evp 9,97,-8,-1,-40,-34,-37,-19,-28,-20,-29,-31,-27,-17,-46,-19,-52,-48,-61,-57,-63,-35,-91,-43,-56,-59,-73,-22,-222,-188,-181,-175,-262,-249,-230,-227,-227,-201,-498,-501,-587,-542,-606,-515,-606,-595,-661,-646,-641,-627,-29958,-29964,-29957,-29960,-8889,-6929,-5883,-5691,-5691,-5691,-29977,-29972,-29972,-5608,-29990,-29991,-29991,-29992,-29992,-29993,-29993,-29993,-29994,-29993,-29993,-29993,-29993,-29993,-29994,-29995,-29995,-29996,-29996,-29997,-29998,-29997,-29997,-29998,-29998,-29999,-29999]} 1. e4 e6 2. e5 c5 3. d3 d5 {[#]} 4. exd6 $146 ({Predecessor:} 4. f4 Nc6 5. c3 Nge7 6. g4 f5 7. h3 Qb6 8. Nf3 Bd7 9. Ng5 h6 10. Nf7 Kxf7 11. gxf5 exf5 {½-½ (18) Butcher,M (1428)-Benedicto,M (1378) IECC email 2002}) 4... Bxd6 5. Nf3 Ne7 6. Be3 {C00: French: Unusual White 2nd moves.} Nbc6 7. Nc3 a6 8. Ne4 {The position is equal.} O-O 9. Nxd6 Qxd6 10. Be2 b5 11. O-O Bb7 12. a3 Nf5 13. Bg5 f6 14. Bd2 e5 15. Bc3 (15. c3 $15) 15... b4 16. axb4 cxb4 17. Bd2 {[#]} a5 (17... Ncd4 $1 $17) 18. d4 $2 {Loses the game.} (18. c3 $11) 18... Ncxd4 19. Nxd4 Nxd4 ({Don't take} 19... Qxd4 20. c3 $17) 20. c3 (20. Bd3 $142) 20... Qc6 {[%csl Gb7][%cal Rc6g2]} 21. f3 Nxe2+ 22. Qxe2 Ba6 23. Qf2 $2 (23. c4) 23... Bxf1 $19 24. Qxf1 Rfd8 25. Qe1 Qc5+ 26. Be3 Qc4 27. cxb4 axb4 {White must now prevent ...Rxa1.} 28. Rc1 Qb3 29. Qf2 Rd1+ 30. Rxd1 Qxd1+ {[%mdl 4096] Endgame KQR-KQB} 31. Qf1 Ra1 {[%csl Ga1][%cal Rd1f1]} 32. Qxd1 Rxd1+ {KR-KB} 33. Kf2 Rb1 34. f4 Rxb2+ 35. Kf3 exf4 (35... Rc2 $142 36. fxe5 fxe5 37. Ba7 b3 38. Bb8 b2 39. Bxe5 b1=Q 40. Kg4 Rc4+ 41. Bf4 {[#]} h5+ $1 {[%mdl 512]} 42. Kg5 Qb5+ 43. Kh4 Rxf4+ 44. Kh3 Qf5+ 45. Kg3 h4#) 36. Ke4 fxe3 {Black mates.} 37. Kxe3 Rxg2 {KR-KP} 38. h4 Rc2 39. h5 Rc7 40. Kd3 Kf7 41. Ke4 Ke6 42. h6 g6 43. Kd4 b3 44. Ke4 b2 45. Kd3 b1=Q+ 46. Kd4 Rd7+ 47. Ke3 Rd3+ 48. Kf2 Qc2+ 49. Ke1 Rd1# {Accuracy: White = 34%, Black = 77%.} 0-1

[Event "Stay Safe Play From Home 341"]
[Site "Emanuel Lasker Arena"]
[Date "2020.07.29"]
[Round "7"]
[White "Padmaesh M K"]
[Black "Mepe_Nika"]
[Result "0-1"]
[WhiteElo "1804"]
[BlackElo "2418"]
[Annotator "TA"]
[PlyCount "74"]
[EventDate "2020.07.29"]
[EventType "swiss (blitz)"]

{[%evp 14,74,10,14,15,14,18,12,22,18,16,10,18,4,0,0,0,-16,-14,-43,-41,-94,-19,-21,-9,-66,-66,-137,-69,-157,0,-54,-54,-54,-54,-54,-50,-54,-48,-58,-8,-6,-24,-2450,-2450,-2169,-1915,-2906,-2577,-2402,-1593,-29981,-29975,-29987,-29988,-29989,-29990,-29990,-29990,-29991,-29992,-29992,-29993]} 1. d4 d5 2. c4 c6 3. Nc3 Nf6 4. cxd5 cxd5 5. Nf3 Nc6 6. Bf4 a6 7. e3 Bg4 8. Be2 Rc8 {D13: Slav Defence: Exchange variation without ...Bf5.} 9. O-O e6 10. h3 Bh5 {The position is equal.} 11. Ne5 Bxe2 12. Qxe2 {[#]} Nxe5 $146 (12... Be7 {keeps more tension.} 13. Rfc1 O-O 14. Nd3 Nb4 15. Nxb4 Bxb4 16. Na4 Qa5) ({Predecessor:} 12... Be7 13. Rfc1 Nxe5 14. Bxe5 O-O 15. Bxf6 Bxf6 16. Na4 e5 17. dxe5 Bxe5 18. Nc5 Qb6 19. Nd3 Bf6 20. Qd2 Qb5 {0-1 (95) Fedorowicz,J (2469)-Lenderman,A (2504) Indianapolis 2009}) 13. Bxe5 Nd7 14. Bh2 Be7 15. a4 O-O 16. Rac1 Qb6 17. f4 (17. Bg3 $15) 17... Rc4 (17... f5 $17 18. Bg3 Rc4) 18. f5 $11 Rfc8 19. fxe6 (19. Rb1 $11) 19... Qxe6 $15 20. Qf3 (20. Bf4 $15) 20... Nf6 (20... Bb4 $17 {[%cal Rb4c3]} 21. Ne2 Rxc1 22. Rxc1 Rxc1+ 23. Nxc1 Bd2) 21. Be5 {[#]} (21. Rb1 $15) 21... h6 $2 (21... Ne4 $1 $17 {[%mdl 512] And now ...Nd2 would win.} 22. Rfd1 (22. Nxe4 Rxc1) 22... f6) 22. Ne2 ({Better is} 22. Rb1 $11) 22... Rxc1 23. Rxc1 Rxc1+ 24. Nxc1 Ne4 25. Nd3 Qc6 26. Qg4 {[%csl Ge5][%cal Rg4g7]} Bf6 27. Bxf6 Nxf6 28. Ne5 $2 {[%mdl 8192] This move loses the game for White.} (28. Qd1 $11) 28... Qc1+ $19 {[%mdl 64] [#] Double Attack} 29. Kh2 Nxg4+ 30. Nxg4 Qxb2 31. Ne5 Qb3 32. Nd7 Qxe3 {Black mates.} 33. Nc5 Qxd4 34. Nxb7 Qxa4 35. Nc5 Qf4+ 36. Kh1 Qc1+ 37. Kh2 Qxc5 {Accuracy: White = 41%, Black = 69%.} 0-1

[Event "Stay Safe Play From Home 341"]
[Site "Emanuel Lasker Arena"]
[Date "2020.07.29"]
[Round "7"]
[White "Buzaglo"]
[Black "Stefanone"]
[Result "0-1"]
[WhiteElo "1789"]
[BlackElo "2036"]
[Annotator "RC"]
[PlyCount "60"]
[EventDate "2020.07.29"]
[EventType "swiss (blitz)"]

1. d4 {[%emt 0:00:01]} d5 {[%emt 0:00:01]} 2. Nf3 {[%emt 0:00:00]} c6 {[%emt 0:00:00]} 3. g3 {[%emt 0:00:00]} e6 {[%emt 0:00:01]} 4. Bg2 {[%emt 0:00:00]} f5 {[%emt 0:00:00]} 5. Nbd2 {[%emt 0:00:00]} Nf6 {[%emt 0:00:00]} 6. O-O {[%emt 0:00:00]} Bd6 {[%emt 0:00:00]} 7. c4 {[%emt 0:00:00]} Qe7 {[%emt 0:00:00]} 8. c5 {[%emt 0:00:00]} Bc7 {[%emt 0:00:01]} 9. e4 {[%emt 0:00:00]} fxe4 {[%emt 0:00:01]} 10. Ne1 {[%emt 0:00:00]} O-O {[%emt 0:00:01]} 11. f3 {[%emt 0:00:00]} exf3 {[%emt 0:00:01]} 12. Nb3 {[%emt 0:00:00]} fxg2 {[%emt 0:00:01]} 13. Nxg2 {[%emt 0:00:00]} Ne4 {[%emt 0:00:01]} 14. Be3 {[%emt 0:00:01]} e5 {[%emt 0:00:01]} 15. Re1 {[%emt 0:00:01]} exd4 {[%emt 0:00:01]} 16. Nxd4 {[%emt 0:00:01]} Nd7 {[%emt 0:00:01]} 17. Qg4 {[%emt 0:00:04]} Ndxc5 {[%emt 0:00:02]} 18. Qe2 {[%emt 0:00:00]} Ne6 {[%emt 0:00:01]} 19. Nf3 {[%emt 0:00:01]} Bb6 {[%emt 0:00:04]} 20. a4 {[%emt 0:00:02]} Bxe3+ {[%emt 0:00:01]} 21. Qxe3 {[%emt 0:00:00]} N6c5 {[%emt 0:00:01]} 22. Qd4 {[%emt 0:00:01]} Bf5 {[%emt 0:00:01]} 23. Ne5 {[%emt 0:00:01]} Ne6 {[%emt 0:00:02]} 24. Qc3 {[%emt 0:00:01]} Nxc3 {[%emt 0:00:01]} 25. bxc3 {[%emt 0:00:00]} Qf6 {[%emt 0:00:02]} 26. Nf3 {[%emt 0:00:00]} Be4 {[%emt 0:00:01]} 27. Nfh4 {[%emt 0:00:02]} Qf2+ {[%emt 0:00:02]} 28. Kh1 {[%emt 0:00:01]} g5 {[%emt 0:00:00]} 29. Rf1 {[%emt 0:00:01]} Qxf1+ {[%emt 0:00:02]} 30. Rxf1 {[%emt 0:00:01]} Rxf1# {[%emt 0:00:00] (Lag: Av=0.49s, max=0.7s)} 0-1

[Event "Stay Safe Play From Home 341"]
[Site "Emanuel Lasker Arena"]
[Date "2020.07.29"]
[Round "7"]
[White "Mehdi1887"]
[Black "Haris kollari 13"]
[Result "0-1"]
[WhiteElo "1480"]
[BlackElo "1655"]
[Annotator "NA"]
[PlyCount "46"]
[EventDate "2020.07.29"]
[EventType "swiss (blitz)"]

1. e4 {[%emt 0:00:03]} e6 {[%emt 0:00:00]} 2. d4 {[%emt 0:00:01]} d5 {[%emt 0:00:00]} 3. Nf3 {[%emt 0:00:01]} Nf6 {[%emt 0:00:02]} 4. e5 {[%emt 0:00:01]} Nfd7 {[%emt 0:00:01]} 5. Nc3 {[%emt 0:00:01]} c5 {[%emt 0:00:00]} 6. Be3 {[%emt 0:00:02]} Nc6 {[%emt 0:00:01]} 7. Nb5 {[%emt 0:00:03]} cxd4 {[%emt 0:00:02]} 8. Nfxd4 {[%emt 0:00:03]} Ncxe5 {[%emt 0:00:02]} 9. f4 {[%emt 0:00:04]} Nc6 {[%emt 0:00:02]} 10. a3 {[%emt 0:00:07]} a6 {[%emt 0:00:01]} 11. Nxc6 {[%emt 0:00:03]} bxc6 {[%emt 0:00:01]} 12. Nd4 {[%emt 0:00:01]} c5 {[%emt 0:00:02]} 13. Nc6 {[%emt 0:00:02]} Qb6 {[%emt 0:00:01]} 14. Ne5 {[%emt 0:00:04]} Nxe5 {[%emt 0:00:03]} 15. fxe5 {[%emt 0:00:01]} Qxb2 {[%emt 0:00:01]} 16. Rb1 {[%emt 0:00:02]} Qxe5 {[%emt 0:00:01]} 17. Qd2 {[%emt 0:00:05]} d4 {[%emt 0:00:02]} 18. Be2 {[%emt 0:00:03]} Qxe3 {[%emt 0:00:01]} 19. Qa5 {[%emt 0:00:02]} Bd6 {[%emt 0:00:04]} 20. Qb6 {[%emt 0:00:04]} Qe5 {[%emt 0:00:05]} 21. Qc6+ {[%emt 0:00:02]} Bd7 {[%emt 0:00:01]} 22. Qxa8+ {[%emt 0:00:01]} Ke7 {[%emt 0:00:00]} 23. Qxh8 {[%emt 0:00:02]} Bb5 {[%emt 0:00:01] Zeit (Lag: Av=0.60s, max=1.3s)} 0-1

[Event "Stay Safe Play From Home 341"]
[Site "Emanuel Lasker Arena"]
[Date "2020.07.29"]
[Round "8"]
[White "Mepe_Nika"]
[Black "Haris kollari 13"]
[Result "1-0"]
[WhiteElo "2419"]
[BlackElo "1664"]
[Annotator "NA"]
[PlyCount "71"]
[EventDate "2020.07.29"]
[EventType "swiss (blitz)"]

1. d4 {[%emt 0:00:01]} e6 {[%emt 0:00:00]} 2. Bf4 {[%emt 0:00:02]} d5 {[%emt 0:00:00]} 3. e3 {[%emt 0:00:01]} c5 {[%emt 0:00:01]} 4. c3 {[%emt 0:00:01]} Nc6 {[%emt 0:00:01]} 5. Nd2 {[%emt 0:00:01]} c4 {[%emt 0:00:01]} 6. e4 {[%emt 0:00:01]} Bd6 {[%emt 0:00:03]} 7. e5 {[%emt 0:00:01]} Be7 {[%emt 0:00:01]} 8. Ne2 {[%emt 0:00:01]} Qc7 {[%emt 0:00:01]} 9. Bg3 {[%emt 0:00:02]} a6 {[%emt 0:00:01]} 10. f4 {[%emt 0:00:00]} b5 {[%emt 0:00:02]} 11. a3 {[%emt 0:00:00]} Bb7 {[%emt 0:00:01]} 12. Nc1 {[%emt 0:00:01]} h5 {[%emt 0:00:04]} 13. Be2 {[%emt 0:00:01]} h4 {[%emt 0:00:01]} 14. Bf2 {[%emt 0:00:00]} f6 {[%emt 0:00:02]} 15. O-O {[%emt 0:00:01]} f5 {[%emt 0:00:01]} 16. Bh5+ {[%emt 0:00:01]} Kd7 {[%emt 0:00:02]} 17. Bf3 {[%emt 0:00:02]} g5 {[%emt 0:00:02]} 18. fxg5 {[%emt 0:00:03]} Bxg5 {[%emt 0:00:01]} 19. Qe2 {[%emt 0:00:00]} Nge7 {[%emt 0:00:03]} 20. Be3 {[%emt 0:00:01]} Rag8 {[%emt 0:00:04]} 21. Bxg5 {[%emt 0:00:01]} Rxg5 {[%emt 0:00:01]} 22. Qe3 {[%emt 0:00:00]} Rhg8 {[%emt 0:00:01]} 23. Ne2 {[%emt 0:00:01]} f4 {[%emt 0:00:06]} 24. Nxf4 {[%emt 0:00:02]} Nf5 {[%emt 0:00:01]} 25. Qe2 {[%emt 0:00:02]} Nce7 {[%emt 0:00:01]} 26. a4 {[%emt 0:00:02]} h3 {[%emt 0:00:01]} 27. g3 {[%emt 0:00:02]} Qd8 {[%emt 0:00:01]} 28. axb5 {[%emt 0:00:02]} axb5 {[%emt 0:00:01]} 29. Kh1 {[%emt 0:00:00]} Qf8 {[%emt 0:00:04]} 30. Ra7 {[%emt 0:00:02]} Kc6 {[%emt 0:00:02]} 31. b3 {[%emt 0:00:01]} Nc8 {[%emt 0:00:01]} 32. Rxb7 {[%emt 0:00:02]} Kxb7 {[%emt 0:00:02]} 33. bxc4 {[%emt 0:00:00]} bxc4 {[%emt 0:00:02]} 34. Qxc4 {[%emt 0:00:01]} Nb6 {[%emt 0:00:03]} 35. Rb1 {[%emt 0:00:01]} Qd8 {[%emt 0:00:03]} 36. Nxe6 {[%emt 0:00:01] Time (Lag: Av=0.44s, max=0.8s)} 1-0

[Event "Stay Safe Play From Home 341"]
[Site "Emanuel Lasker Arena"]
[Date "2020.07.29"]
[Round "8"]
[White "Weltszmerc"]
[Black "Padmaesh M K"]
[Result "1-0"]
[WhiteElo "2202"]
[BlackElo "1803"]
[Annotator "TA"]
[PlyCount "93"]
[EventDate "2020.07.29"]
[EventType "swiss (blitz)"]

{[%evp 17,93,29,36,6,20,17,6,-17,32,37,28,-277,-265,-399,-389,-415,-341,-339,148,-333,-293,-315,-310,-310,-302,-282,-220,-270,-258,-318,-306,-362,-181,-164,-156,-129,-145,-202,-210,-281,-191,-348,-237,-277,604,602,583,596,591,585,638,635,871,645,777,814,757,577,29981,29982,29987,29982,29985,29986,29986,29987,29989,29988,29990,29991,29993,29991,29991,29992,29999,29992,29992,29993]} 1. d4 Nf6 2. c4 e6 3. Nc3 d5 4. Nf3 Bb4 5. g3 Bxc3+ 6. bxc3 c6 7. Bg2 O-O 8. O-O Nbd7 9. cxd5 exd5 {[#]} 10. e3 $146 {E20: Nimzo-Indian: 4 g3 and 4 f3.} ({Predecessor:} 10. Qd3 Re8 11. Nd2 Nb6 12. a4 a5 13. Ba3 Nxa4 14. e4 dxe4 15. Nxe4 Nxe4 16. Bxe4 Nxc3 17. Bxh7+ Kh8 18. Qxc3 Kxh7 {½-½ (74) Poecksteiner,J (2155)-Schachinger,M (2394) Playchess.com INT 2020}) 10... Re8 11. a4 Ne4 12. Qc2 {The position is equal.} Ndf6 13. c4 Bf5 {Strongly threatening ...Nxg3!} 14. Ne5 $2 {[%mdl 8192] [#]} (14. Nh4 $11 Bd7 15. Nf3) 14... Nxg3 $1 $19 {[%mdl 576] Discovered Attack} 15. Qa2 (15. e4 $142 Ngxe4 16. Qb2) (15. fxg3 Bxc2) 15... Nxf1 16. Kxf1 Be4 17. f3 Bd3+ $2 (17... Bf5 $19 {Hoping for ...c5!} 18. cxd5 cxd5) 18. Kg1 $2 {[%mdl 8192]} (18. Nxd3 $16 {Black must now prevent Bd2.} Qd7 19. Kg1) 18... dxc4 19. Nxc4 Qd5 20. Ne5 Qxa2 21. Rxa2 Bg6 22. e4 Rad8 23. Be3 {[#]} c5 $1 24. Nxg6 (24. dxc5 Rxe5) 24... hxg6 (24... cxd4 $142 25. Bf4 hxg6) 25. dxc5 Rd1+ 26. Kf2 Rc8 27. Bh3 (27. a5 $17 {was worth a try.}) 27... Rc7 28. Kg3 Nh5+ 29. Kh4 $2 (29. Kf2 {might work better.}) 29... Rh1 30. Bg4 Rxh2+ $4 {[%mdl 8192]} (30... Nf6 $19 31. Bh3 Re1) 31. Rxh2 $18 Nf6 32. Rb2 Nxg4 33. Kxg4 {[%mdl 4096] Endgame KRB-KR} a6 34. Rb6 Kf8 35. Kf4 Ke7 36. e5 f6 37. Ke4 f5+ 38. Kd5 {White mates.} Rd7+ 39. Kc4 Rc7 40. Bg5+ Kf7 41. f4 Ke8 42. Kd5 Kf7 43. Rd6 b6 44. cxb6 Rb7 45. e6+ Ke8 46. a5 {[%csl Gg5][%cal Rd6d8]} Rb8 {[#]} 47. b7 $1 {Accuracy: White = 45%, Black = 46%.} 1-0